00519nam a2200085Ia 4500008004100000245003400041300027700075650001600352856006500368170517s9999 xx 000 0 und d aDon't Swallow Your Toothpaste aWe all want the best for our children, including sparking white teeth. Children today have fewer fillings than ever before, but what is the truth behind this great success story? Better care of our teeth or the magic ingredient in our toothpaste fluoride? Some parts of... xTechnology. uhttp://topdocumentaryfilms.com/dont-swallow-your-toothpaste/